| 000 | 01138nam0a22002891 4500 | ||
|---|---|---|---|
| 001 | rc\241100 | ||
| 005 | 20250621010536.0 | ||
| 010 |
_a5-279-00442-1 _97000 |
||
| 035 | _a(NLR Aleph) 005491067 | ||
| 090 |
_a5207771 _c5207771 |
||
| 100 | _a20030307d1990 |||y0rusy50 ca | ||
| 101 | 0 | _arus | |
| 102 | _aRU | ||
| 105 | _aa ||||||||| | ||
| 200 | 1 |
_aТеория индексов и практика экономического анализа _fПер. с англ. Н.А. Толмачевой, Н.Г. Левченко _gПод ред. Э.Б. Ершова |
|
| 210 |
_aМ. _cФинансы и статистика _d1990 |
||
| 215 |
_a302, [1] с. _cил. _d21 |
||
| 225 | 1 | _aБиблиотека иностранных книг для экономистов и статистиков | |
| 300 | _aПеревод изд.: Index theory and econõmic reality / Pal Koves (Budapest, 1983) | ||
| 320 | _aБиблиогр.: с. 279-290 | ||
| 320 | _aПредм. указ.: с. 298-301 | ||
| 700 | 1 |
_aКëвеш _bП. _gПал |
|
| 801 | 0 |
_aRU _bNLR _gpsbo |
|
| 801 | 1 |
_aRU _bELAR _2rusmarc |
|
| 852 |
_aNLR _j90-5/4530 |
||
| 942 | _cBOOK | ||
| 980 | _aNB | ||